LEADER 02381nam 2200445 450 001 9910137194803321 005 20230621141032.0 035 $a(CKB)3710000000526128 035 $a(PPN)200428780 035 $a(EXLCZ)993710000000526128 100 $a20151214h20152015 fy| 0 101 0 $aeng 181 $ctxt$2rdacontent 182 $cc$2rdamedia 183 $acr$2rdacarrier 200 10$aLanguage strategies for the domain of colour$b[electronic resource] /$fJoris Bleys 210 1$aBerlin, Germany :$cLanguage Science Press,$d2015 210 4$dİ2015 215 $a1 online resource (218 pages) $cillustrations; digital, PDF file(s) 225 1 $aComputational Models of Language Evolution ;$vvolume 3 311 08$aHardcover version: 9783946234173 3946234178 311 08$aSoftcover version: 9783944675442 3944675444 320 $aIncludes bibliographical references and index. 330 $aThis book presents a major leap forward in the understanding of colour by showing how richer descriptions of colour samples can be operationalized in agent-based models. Four different language strategies are explored: the basic colour strategy, the graded membership strategy, the category combination strategy and the basic modification strategy. These strategies are firmly rooted in empirical observations in natural languages, with a focus on compositionality at both the syntactic and semantic level. Through a series of in-depth experiments, this book discerns the impact of the environment, language and embodiment on the formation of basic colour systems. Finally, the experiments demonstrate how language users can invent their own language strategies of increasing complexity by combining primitive cognitive operators, and how these strategies can be aligned between language users through linguistic interactions. 410 0$aComputational models of language evolution ;$v3. 606 $aColor 606 $aInformation technology 606 $aLanguage and languages 606 $aPhilology 615 0$aColor. 615 0$aInformation technology. 615 0$aLanguage and languages. 615 0$aPhilology. 676 $a415.018 700 $aBleys$b Joris$0915693 801 2$bUkMaJRU 906 $aBOOK 912 $a9910137194803321 996 $aLanguage strategies for the domain of colour$92052700 997 $aUNINA